000 00796 a2200253 4500
005 20251211153416.0
008 251211b |||||||| |||| 00| 0 eng d
020 _a978-93-5345-453-1
037 _cTB
040 _aCRL
_cCRL
041 _2eng
_aeng
084 _aV2,21:3.P1 R5
_qCRL
100 _aGarg, Subhash Chandra
_9847125
245 _aNo, minister:
_bnavigating power, politics and bureaucracy with a steely resolve
260 _bJuggernaut
_c2025
300 _a424p.
365 _b 899.00
_cINR
650 _2History
650 _2India history
650 _2Function
700 _aGarg, Subhash Chandra
_eAuthor
_9856073
942 _cTB
_2CC
_n0
_hV2,21:3.P1 R5
999 _c1464414
_d1464414